| 000 | 00524nam a22001817a 4500 | ||
|---|---|---|---|
| 005 | 20231123144759.0 | ||
| 008 | 231123b |||||||| |||| 00| 0 eng d | ||
| 020 | _a0862102650 | ||
| 041 | _aEnglish | ||
| 082 | _a341.48 AMN | ||
| 100 | _lEnglish | ||
| 245 | _aRefugees : Human Rights have no borders | ||
| 250 | _aFirst Edition | ||
| 260 |
_aLondon : _bAmnesty International Publications, _c1997 |
||
| 300 |
_b133 pages ; _c24 cm. |
||
| 650 |
_aLegal practice _bLaw |
||
| 942 |
_cBK _6ALISON_BN_VRIES |
||
| 999 |
_c912 _d912 |
||